| 000 | 00703nam a2200229 a 4500 | ||
|---|---|---|---|
| 001 | 69430 | ||
| 003 | BD-RjUL | ||
| 005 | 20211209081905.0 | ||
| 008 | 170411s1958 enka b 001 0 eng d | ||
| 035 | _a(BD-RjUL)69641 | ||
| 040 |
_aBD-RjUL _beng _cBD-RjUL |
||
| 041 | _aeng | ||
| 082 |
_223 _a530.41 _bCUE 1958 |
||
| 100 | 1 |
_aCusack, N. _9205655 |
|
| 245 | 1 | 4 |
_aThe electrical and magnetic properties of solids : _ban introductory textbook / _cN. Cusack. |
| 260 |
_aLondon : _bLongmans, Green and Co, _c1958. |
||
| 300 |
_axv, 428 p. : _bill. ; _c23 cm. |
||
| 504 | _aIncludes bibliographical references and index. | ||
| 650 | 0 |
_aSolid state physics _9119295 |
|
| 942 |
_2ddc _cBK |
||
| 999 |
_c69430 _d69430 |
||